000 00645nam a2200277Ia 4500
005 20260324120524.0
008 008 260324s9999 xx 000 0 eng d
020 _a9781315745893
037 _aEBOOK
040 _aCRL
040 _beng
040 _cCRL
041 _2eng
041 _aeng
084 _qCRL
100 _aHanem El-Farahaty
_91158904
245 0 _aArabic-English-Arabic Legal Translation
260 _bTaylor and Francis
260 _c2015
365 _a
365 _b325
856 _uhttp://www.taylorfrancis.com/books/9781315745893
942 _cEBOOK
999 _c1750493
_d1750493